| 000 -LEADER |
| fixed length control field |
01266cam a2200373 a 4500 |
| 001 - CONTROL NUMBER |
| control field |
17393840 |
| 003 - CONTROL NUMBER IDENTIFIER |
| control field |
OSt |
| 005 - DATE AND TIME OF LATEST TRANSACTION |
| control field |
20250303123149.0 |
| 008 - FIXED-LENGTH DATA ELEMENTS--GENERAL INFORMATION |
| fixed length control field |
120217s2010 ii 001 0 eng |
| 010 ## - LIBRARY OF CONGRESS CONTROL NUMBER |
| LC control number |
2012354726 |
| 020 ## - INTERNATIONAL STANDARD BOOK NUMBER |
| International Standard Book Number |
9788180386497 (set) |
| 025 ## - OVERSEAS ACQUISITION NUMBER |
| Overseas acquisition number |
I-E-2012-354726 |
| 035 ## - SYSTEM CONTROL NUMBER |
| System control number |
(IN-NdUBS) 2012354726 |
| 037 ## - SOURCE OF ACQUISITION |
| Source of stock number/acquisition |
Library of Congress -- New Delhi Overseas Office |
| 040 ## - CATALOGING SOURCE |
| Original cataloging agency |
DLC |
| Transcribing agency |
DLC |
| Modifying agency |
DLC |
| 042 ## - AUTHENTICATION CODE |
| Authentication code |
lcode |
| -- |
pcc |
| 043 ## - GEOGRAPHIC AREA CODE |
| Geographic area code |
a-ii--- |
| 082 ## - DEWEY DECIMAL CLASSIFICATION NUMBER |
| Classification number |
347.7 |
| Item number |
R1655 |
| 100 1# - MAIN ENTRY--PERSONAL NAME |
| Personal name |
Ramaiya, Arunachala, |
| Dates associated with a name |
1894- |
| 245 10 - TITLE STATEMENT |
| Title |
Guide to the Companies Act / |
| Statement of responsibility, etc. |
by A. Ramaiya. |
| 246 30 - VARYING FORM OF TITLE |
| Title proper/short title |
Companies Act |
| 250 ## - EDITION STATEMENT |
| Edition statement |
17th ed., thoroughly rev. / |
| Remainder of edition statement |
general editor, Arvind P. Datar ... [et al.]. |
| 260 ## - PUBLICATION, DISTRIBUTION, ETC. |
| Place of publication, distribution, etc. |
Gurgaon : |
| Name of publisher, distributor, etc. |
Lexis Nexis Butterworths Wadhwa Nagpur, |
| Date of publication, distribution, etc. |
2010. |
| 300 ## - PHYSICAL DESCRIPTION |
| Extent |
3 v. (dxxvii, 6044) ; |
| Dimensions |
25 cm. |
| 500 ## - GENERAL NOTE |
| General note |
Accompanied by Appendices. 6 pts. (p. 6241-15959). |
|
| General note |
Includes indexes. |
| 505 0# - FORMATTED CONTENTS NOTE |
| Formatted contents note |
pt. 1. Secs. 1 to 145 -- pt. 2. Secs. 146 to 377 -- pt. 3. Secs. 378 to Sch. XV. |
| 650 #0 - SUBJECT ADDED ENTRY--TOPICAL TERM |
| Topical term or geographic name entry element |
Corporation law |
| Geographic subdivision |
India. |
|
| Topical term or geographic name entry element |
Company law |
| 9 (RLIN) |
5818 |
| 700 1# - ADDED ENTRY--PERSONAL NAME |
| Personal name |
Datar, Arvind P. |
| 906 ## - LOCAL DATA ELEMENT F, LDF (RLIN) |
| a |
7 |
| b |
cbc |
| c |
origode |
| d |
2 |
| e |
ncip |
| f |
20 |
| g |
y-gencatlg |
| 942 ## - ADDED ENTRY ELEMENTS (KOHA) |
| Source of classification or shelving scheme |
|
| Koha item type |
Books |